00547nam a2200169Ia 4500008004100000020001500041041001200056082001600068100001300084245003600097260002500133300000800158650001900166942000700185999001500192952017000207221030s9999 xx 000 0 und d a0070990069 aEnglish a105.23bAyr aF. Ayres 0aSchaum`s Differential Equations bTMHaNew Delhic1972 a295 aBE Mathematics cBK c7040d7040 pBE 3081g380.00l0o105.23 Ayrr2024-06-13 00:00:00w2022-10-30yBK003Print4070aMIETLIBbMIETLIBcBL-Academic Block C, FL-2, CUP-6, SH-3, R-3d2001-03-1610HBE